| Tag |
First Indicator |
Second Indicator |
Subfields |
| LEADER |
00000pam a22000004a 4500 |
| 001 |
in00002043739 |
| 005 |
20151101061209.0 |
| 008 |
040809s2004 cau b 001 0 eng |
| 010 |
|
|
|a 2004018764
|
| 020 |
|
|
|a 0804747288 (cloth : alk. paper)
|
| 020 |
|
|
|a 0804747296 (pbk. : alk. paper)
|
| 035 |
|
|
|a (OCoLC)ocm56319785
|
| 040 |
|
|
|a DLC
|c DLC
|d TXA
|d UtOrBLW
|
| 042 |
|
|
|a pcc
|
| 043 |
|
|
|a n-us---
|a a------
|
| 049 |
|
|
|a TXAM
|
| 050 |
0 |
0 |
|a PS374.M53
|b K67 2004
|
| 082 |
0 |
0 |
|a 813.009/3552
|2 22
|
| 100 |
1 |
|
|a Koshy, Susan.
|
| 245 |
1 |
0 |
|a Sexual naturalization :
|b Asian Americans and miscegenation /
|c Susan Koshy.
|
| 264 |
|
1 |
|a Stanford, Calif. :
|b Stanford University Press,
|c 2004.
|
| 300 |
|
|
|a x, 208 pages ;
|c 24 cm.
|
| 336 |
|
|
|a text
|b txt
|2 rdacontent
|
| 337 |
|
|
|a unmediated
|b n
|2 rdamedia
|
| 338 |
|
|
|a volume
|b nc
|2 rdacarrier
|
| 490 |
1 |
|
|a Asian America
|
| 504 |
|
|
|a Includes bibliographical references (pages 187-202) and index.
|
| 650 |
|
0 |
|a American fiction
|x History and criticism.
|
| 650 |
|
0 |
|a Miscegenation in literature.
|
| 650 |
|
0 |
|a American fiction
|x Asian American authors
|x History and criticism.
|
| 650 |
|
0 |
|a Politics and literature
|z United States.
|
| 650 |
|
0 |
|a Asian Americans in literature.
|
| 650 |
|
0 |
|a Sex and law
|z United States.
|
| 650 |
|
0 |
|a Race relations in literature.
|
| 650 |
|
0 |
|a Imperialism in literature.
|
| 650 |
|
0 |
|a Asians in literature.
|
| 830 |
|
0 |
|a Asian America.
|
| 856 |
4 |
1 |
|3 Table of contents
|u http://www.loc.gov/catdir/toc/ecip0421/2004018764.html
|t 0
|
| 948 |
|
|
|a cataloged
|b h
|c 2005/4/22
|d c
|e dmitchel
|f 8:00:00 am
|
| 994 |
|
|
|a E0
|b TXA
|
| 999 |
|
|
|a MARS
|
| 999 |
f |
f |
|s 7991e106-8cf4-3347-8bce-785ab05c7f60
|i 4a9227a3-08de-3c7c-9002-c7327d970f19
|t 0
|
| 952 |
f |
f |
|p normal
|a Texas A&M University
|b College Station
|c Sterling C. Evans Library
|d Evans: Library Stacks
|t 0
|e PS374.M53 K67 2004
|h Library of Congress classification
|i unmediated -- volume
|m A14832641546
|
| 952 |
f |
f |
|p noncirc
|a Texas A&M University
|b College Station
|c Cushing Memorial Library & Archives
|d Cushing: Area Studies/Asian (Does not check out)
|t 0
|e PS374.M53 K67 2004
|h Library of Congress classification
|i unmediated -- volume
|
| 998 |
f |
f |
|a PS374.M53 K67 2004
|t 0
|l Cushing: Area Studies/Asian (Does not check out)
|
| 998 |
f |
f |
|a PS374.M53 K67 2004
|t 0
|l Evans: Library Stacks
|